Colorado Avalanche Roster 2026 - Statistics

General Stats
  • This quiz has been taken 1,646 times
    418 since last reset
  • The average score is 14 of 22
Answer Stats
# Birthplace Player % Correct
Forwards 29 Nova Scotia, CAN Nathan MacKinnon
100%
Defencemen 8 Alberta, CAN Cale Makar
95%
Forwards 88 Vysočina, CZE Martin Nečas
90%
Forwards 92 Södermanland, SWE Gabriel Landeskog
87%
Goaltenders 39 Ontario, CAN Mackenzie Blackwood
87%
Defencemen 7 British Columbia, CAN Devon Toews
85%
Goaltenders 41 Ontario, CAN Scott Wedgewood
84%
Forwards 62 Varsinais-Suomi, FIN Artturi Lehkonen
78%
Forwards 11 Minnesota, USA Brock Nelson
76%
Defencemen 84 Ontario, CAN Brent Burns
66%
Defencemen 49 Quebec, CAN Samuel Girard
63%
Forwards 13 Chelyabinsk, RUS Valeri Nichushkin
63%
Defencemen 42 Illinois, USA Josh Manson
56%
Defencemen 70 Minnesota, USA Sam Malinski
54%
Forwards 20 New Jersey, USA Ross Colton
51%
Forwards 18 New York, New York Jack Drury
48%
Forwards 94 Uusimaa, FIN Joel Kiviranta
45%
Forwards 17 Alberta, CAN Parker Kelly
43%
Forwards 95 Ångermanland, SWE Victor Olofsson
30%
Forwards 93 Tomsk, RUS Zakhar Bardakov
25%
Forwards 54 Florida, USA Gavin Brindley
24%
Defencemen 28 Mahilioŭ, BLR Ilya Solovyov
16%
No matching quizzes found
Score Distribution
Percent of People with Each Score
Percentile by Number Answered
Your Score History
You have not taken this quiz since the last reset